| 000 | 00605nam a22001937a 4500 | ||
|---|---|---|---|
| 003 | OSt | ||
| 005 | 20180604181801.0 | ||
| 008 | 180604b xxu||||| |||| 00| 0 eng d | ||
| 020 | _a9781842777732 | ||
| 040 | _cDDC | ||
| 082 | _a362.5MET 2005 | ||
| 100 |
_aMehrotra Santosh;Delamonica Enrique; _912652 |
||
| 245 |
_aEliminating Human Poverty; _bMacroeconomic & Social Policies for Equitable Growth. |
||
| 260 |
_aLondon; _bZed Books. _c2005. |
||
| 300 |
_axvi,432p; _bill; _c23cm. |
||
| 504 | _aIt includes Notes,References and Index | ||
| 650 |
_aEconomics,social sciences. _912653 |
||
| 942 |
_2ddc _cO_SHELF |
||
| 999 |
_c6112 _d6112 |
||